Estatutos y reglamento interior / Instituto de Economía Americana, Asociación Internacional de Expansión Económica
Descripción Física:
20 p. ; 22 cm
Otros Autores:
Casa de América
MARC
| LEADER | 00000nam a2200000Ia 4500 | ||
|---|---|---|---|
| 001 | 22131 | ||
| 003 | BGR | ||
| 005 | 20260410113643.0 | ||
| 008 | 160829s1929 xx 000 0 cat d | ||
| 080 | |a RF-15-75 | ||
| 110 | 2 | |a Instituto de Economía Americana |9 71144 | |
| 245 | |a Estatutos y reglamento interior / Instituto de Economía Americana, Asociación Internacional de Expansión Económica | ||
| 260 | |a Barcelona : |b Casa de América, |c 1929 | ||
| 300 | |a 20 p. ; |c 22 cm | ||
| 590 | |a Prové de 3917, exp. 208 | ||
| 650 | |a Instituto de Economía Americana |x Estatuts |9 47112 | ||
| 650 | |a Instituto de Economía Americana |x Regalments i procediment |9 47113 | ||
| 700 | |a Casa de América |9 47114 | ||
| 856 | 4 | |u https://media.diba.cat/diba/fitxers/arxiu/fulletons/bib_22131_1929_baixa.pdf |y Accés lliure | |
| 856 | 4 | |u https://media.diba.cat/diba/fitxers/arxiu/fulletons/bib_22131_1929_baixa.pdf |y Accés lliure | |
| 900 | |a bib_22131_1929_baixa.pdf | ||
| 901 | |a Arxiu | ||
| 942 | |n 1 |2 udc |c MON | ||
| 952 | |0 0 |1 0 |4 0 |6 RF1575 |7 1 |9 53671 |a Arxiu |b Arxiu |d 2016-12-01 |l 0 |o RF-15-75 |p 22131 |r 2016-12-01 00:00:00 |w 2016-12-01 |y ARXIU | ||
| 999 | |c 57537 |d 57537 | ||